00927cam a2200277 4500001001300000003000400013005001700017008004100034010001700075025001900092040001800111043001200129050002000141082001200161100001700173245008100190260005400271300002700325490005000352500005500402504003000457650002000487650003400507700003300541810007500574sa 68020633 DLC20260227112726.0740916s1962 ii a b 001 0 eng  asa 68020633  aPL480:I-E-7140 aDLCcDLCdDLC aa-ii---00aQK495.A815bS2600a583/.721 aSantapau, H.14aThe Asclepiadaceae & Periplocaceae of Bombay,cby H. Santapau & N. A. Irani. a[Bombay,bUniversity of Bombay]c1960 (i.e. 1962) a118 p.billus.c25 cm.1 aUniversity of Bombay botanical memoirs, no. 4 aImprint on mounted label: P. C. Manaktala, Bombay. aBibliography: p. 101-103. 0aAsclepiadaceae. 0aBotanyzIndiazBombay (State)1 aIrani, N. A.,ejoint author.2 aUniversity of Bombay.tUniversity of Bombay botanical memoirs,vno. 4.